Fashionable resort regions (Record no. 61970)
[ view plain ]
| 000 -LEADER | |
|---|---|
| fixed length control field | 00454nam a2200169Ia 4500 |
| 001 - CONTROL NUMBER | |
| control field | 61527 |
| 008 - FIXED-LENGTH DATA ELEMENTS--GENERAL INFORMATION | |
| fixed length control field | 141120s9999 xx 000 0 und d |
| 020 ## - INTERNATIONAL STANDARD BOOK NUMBER | |
| International Standard Book Number | 0851988547 |
| 040 ## - CATALOGING SOURCE | |
| Transcribing agency | PK-LaUMT |
| 082 ## - DEWEY DECIMAL CLASSIFICATION NUMBER | |
| Classification number | 711.409 |
| Item number | SOA-F |
| 100 ## - MAIN ENTRY--PERSONAL NAME | |
| Personal name | Soane, John V. N. |
| 245 ## - TITLE STATEMENT | |
| Title | Fashionable resort regions |
| Remainder of title | their evolution and transformation |
| Statement of responsibility, etc | Soane, John V. N. |
| 260 ## - PUBLICATION, DISTRIBUTION, ETC. (IMPRINT) | |
| Place of publication, distribution, etc | Oxon,UK: |
| Name of publisher, distributor, etc | Cab International, |
| Date of publication, distribution, etc | 1993 |
| 300 ## - PHYSICAL DESCRIPTION | |
| Extent | 331 p. |
| 546 ## - LANGUAGE NOTE | |
| Language note | EN |
| 942 ## - ADDED ENTRY ELEMENTS (KOHA) | |
| Koha item type | Books |
| Withdrawn status | Lost status | Damaged status | Not for loan | Home library | Current library | Date acquired | Total Checkouts | Full call number | Barcode | Date last seen | Date checked out | Price effective from | Koha item type |
|---|---|---|---|---|---|---|---|---|---|---|---|---|---|
| UMT Main Campus | UMT Main Campus | 2014-11-18 | 1 | 711.409 SOA-F | 82639 | 2022-12-23 | 2022-12-11 | 2014-11-20 | Books |
